Entrepreneurship development and small business management / (Record no. 60012)

MARC details
000 -LEADER
fixed length control field 00854nam a22002417a 4500
005 - DATE AND TIME OF LATEST TRANSACTION
control field 20130708170558.0
010 ## - LCCN (DPL NO)
LC control number ENG-104525
020 ## - INTERNATIONAL STANDARD BOOK NUMBER
International Standard Book Number 9788184504132
Terms of availability 1880.00
035 ## - SYSTEM CONTROL NUMBER
System control number EN-88058
035 ## - SYSTEM CONTROL NUMBER
System control number B-491847
037 ## - SOURCE OF ACQUISITION
Source of stock number/acquisition DBAD/PUB
037 ## - SOURCE OF ACQUISITION
Source of stock number/acquisition dpl
Stock number Janvani Prakashan/Ven
082 ## - DEWEY DECIMAL CLASSIFICATION NUMBER
Classification number 658.022
100 ## - MAIN ENTRY--PERSONAL NAME
Personal name Dayanandan, R.
245 00 - TITLE STATEMENT
Title Entrepreneurship development and small business management /
Statement of responsibility, etc by R.Dayanandan [and] A.Nilasco Arputharaj
260 ## - PUBLICATION, DISTRIBUTION, ETC. (IMPRINT)
Place of publication, distribution, etc New Delhi
Name of publisher, distributor, etc Deep & Deep Publications
Date of publication, distribution, etc 2012
270 ## - ADDRESS
Address F-159, Rajouri Garden,
City New Delhi
Postal code 110027
300 ## - PHYSICAL DESCRIPTION
Extent xvi,680p.
Dimensions 22cm (Hb)
500 ## - GENERAL NOTE
General note Includes index
700 ## - ADDED ENTRY--PERSONAL NAME
Personal name Nilasco Arputharaj, A.
9 (RLIN) 37635
942 ## - ADDED ENTRY ELEMENTS (KOHA)
Source of classification or shelving scheme Dewey Decimal Classification
Item type English Books
Call number suffix DAY
Classification part 658.022
Holdings
Withdrawn status Lost status Not for loan Collection code Home library Current library Date acquired Source of acquisition Cost, normal purchase price Full call number Barcode Copy number Cost, replacement price Koha item type
    Not For Loan Non-fiction D.B.Act.Division D.B.Act.Division 27/12/2011 DBAD / PUB 1880.00 658.022 DAY EN-88058 1 1880.00 English Books
      Non-fiction Patel Nagar Patel Nagar 08/07/2013 Janvani/6152/1/14.01.2013//119/18.12.2012/18.01.2013 1880.00 658.022 DAY B-491847 1 1880.00 English Books

© Delhi Public Library
Hit Counter
free hit counter